| 000 | 02014nam a2200289Ia 4500 | ||
|---|---|---|---|
| 999 |
_c44968 _d44968 |
||
| 001 | 11789 | ||
| 003 | GE_BSU | ||
| 005 | 20240621170958.0 | ||
| 008 | 181216s2014||||ge |||||||||||||| ||geo|| | ||
| 020 | _a9789941217005 | ||
| 040 | _cGE_BSU | ||
| 041 | _ageo | ||
| 080 | _a27-36 წ–714 | ||
| 245 |
_aწმინდა ბასილი დიდი კესარია–კაპადოკიის მთავარეპისკოპოსი / _cშემდგენელი სოფიო თავაძე ; გარეკანის დიზაინი ეთერ გზირიშვილი. |
||
| 264 |
_aთბილისი : _bპალიტრა L, _c2014. |
||
| 300 |
_a182 გვ. ; _c 20 სმ. |
||
| 490 |
_aსაქართველოს იმედი II : ყველა წმინდანი, რომელთა შესახებაც უნდა იცოდე, 2298-0547 / პროექტის რედაქტორი თამარ მამაცაშვილი _vწ. 3. |
||
| 500 | _aიბეჭდება სრულიად საქართველოს კათოლიკოს-პატრიარქის, უწმინდესისა და უნეტარესის ილია II-ის ლოცვა-კურთხევით | ||
| 541 | _h2ლ. | ||
| 653 | _aრელიგია | ||
| 653 | _aწმინდა ბასილი დიდი კესარია–კაპადოკიის მთავარეპისკოპოსი | ||
| 653 | _aწმინდა მამათა ცხოვრება | ||
| 700 |
_aთავაძე, სოფო _eშემდგენელი _922537 |
||
| 700 |
_aგზირიშვილი, ეთერ _eგარეკანის დიზაინი _92212 |
||
| 700 |
_aმამაცაშვილი, თამარ _eპროექტის რედაქტორი _922538 |
||
| 942 |
_cBK _2udc |
||